Guess the lyrics! - Beatles Song #4 - Statistics

General Stats
  • This quiz has been taken 2,304 times
  • The average score is 73 of 155
Answer Stats
Lyrics % Correct
I
98%
a
94%
You
92%
you
92%
you.
92%
You,
92%
love
91%
the
80%
me
77%
to
72%
be
70%
do
66%
who
63%
know
62%
want
59%
go
58%
go,
58%
my
57%
so
55%
that
51%
if
49%
If
49%
will
47%
I'm
40%
one
40%
I'll
36%
but
35%
not
34%
too,
33%
Yes,
31%
could
30%
heart,
30%
heart
30%
Oh oh
30%
would
29%
This
28%
back
27%
from
26%
break
24%
got
23%
again.
22%
'Cause
22%
wants
21%
leave
19%
time
19%
than
18%
told
18%
try
18%
find
16%
away
15%
before
15%
came
15%
things
15%
better
14%
once
14%
hate
13%
show
13%
wanna
11%
goodbye
10%
pretend.
9%
thought
9%
trying
9%
ran
8%
realize
8%
big
7%
surprise
6%
No matching quizzes found
Score Distribution
Percent of People with Each Score
Percentile by Number Answered
Your Score History
You have not taken this quiz